Harry Potter names - Statistics

General Stats
  • This quiz has been taken 41 times
  • The average score is 35 of 51
Answer Stats
Hint Answer % Correct
Potter Harry
100%
Potter Lily
94%
Potter Lily
94%
Weasley Fred
91%
Weasley Fred
91%
Weasley George
91%
Potter Ginny
91%
Potter James
91%
Potter James
91%
Potter Albus
89%
Dumbledore Albus
89%
Malfoy Draco
89%
Longbottom Neville
89%
Granger Hermione
86%
Malfoy Lucius
86%
Weasley Ronald
86%
Snape Severus
83%
Black Sirius
83%
Weasley Arthur
80%
Le strange Bellatrix
80%
Weasley Molly
80%
Weasley Molly
80%
Lupin Remus
80%
Weasley Percy
77%
Weasley Charlie
74%
Granger-Weasley Hugo
74%
Longbottom Alice
71%
Longbottom Frank
71%
Malfoy Narcissa
71%
Granger-Weasley Rose
69%
Malfoy Scorpius
69%
Lupin Teddy
69%
Lupin Nymphadora
63%
Black Regulus
63%
Malfoy Astoria
60%
Weasley Victoire
60%
Weasley William
57%
Prewett Gideon
51%
Prewett Fabian
49%
Weasley Roxanne
46%
Longbottom Hannah
43%
Scamander Luna
43%
Weasley Fleur
40%
Scamander Rolf
40%
Weasley Dominique
37%
Weasley Angelina
34%
Weasley Louis
34%
Weasley Lucy
34%
Weasley Audrey
14%
Scamander Lorcan
14%
Scamander Lysander
14%
No matching quizzes found
Score Distribution
Percent of People with Each Score
Percentile by Number Answered
Your Score History
You have not taken this quiz